书目信息 |
| 题名: |
中国在数学上的贡献
|
|
| 作者: | 蒋术亮 编著 | |
| 分册: | ||
| 出版信息: | 太原 山西人民出版社 1984 |
|
| 页数: | 214页 | |
| 开本: | 21cm | |
| 丛书名: | ||
| 单 册: | ||
| 中图分类: | O112 , O11 | |
| 科图分类: | ||
| 主题词: | 数学史--中国 , 古典数学 | |
| 电子资源: | ||
| ISBN: | ||
| 000 | 00694nam0 2200265 45 | |
| 001 | 0184002414 | |
| 005 | 20040520104100.3 | |
| 010 | @dCNY0.90 | |
| 091 | @a7088.1188 | |
| 100 | @a19950612d1984 em y0chiy0121 ea | |
| 101 | 0 | @achi |
| 102 | @aCN@b140000 | |
| 105 | @ay z 000yy | |
| 106 | @ar | |
| 200 | 10 | @a中国在数学上的贡献@Azhong guo zai shu xue shang de gong xian@f蒋术亮编著 |
| 210 | @a太原@c山西人民出版社@d1984 | |
| 215 | @a214页@d21cm | |
| 606 | @a数学史@y中国 | |
| 606 | 0 | @a古典数学 |
| 690 | @aO112@v3 | |
| 690 | @aO11 | |
| 701 | 0 | @a蒋术亮@Ajiang shu liang@4编著 |
| 801 | 0 | @aCN@b上海图书馆@c20040520 |
| 801 | 2 | @aCN@bNLC@c20040520 |
| 905 | @f2@b132104-105@dO11@e11 | |
| 中国在数学上的贡献/蒋术亮编著.-太原:山西人民出版社,1984 |
| 214页;21cm |
| ISBN :CNY0.90 |
| ● |
| 相关链接 |
|
|
|
|
正题名:中国在数学上的贡献
索取号:O11/11
 
预约/预借
| 序号 | 登录号 | 条形码 | 馆藏地/架位号 | 状态 | 备注 |
| 1 | 0132104 | 001649773 | 第三借阅区/ [索取号:O11/11] | 在馆 | |
| 2 | 0132105 | 001233613 | 第三借阅区/ [索取号:O11/11] | 在馆 | |
| 3 | 0132106 | 202092458 | 第二样本阅览室/ [索取号:O11/11] | 在馆 |